Normal view MARC view

Entry Nombre personal

Number of records used in: 1

001 - NÚMERO DE CONTROL

  • campo de control: 51516

003 - IDENTIFICADOR DE NÚMERO DE CONTROL

  • campo de control: SpMaBN

005 - FECHA Y HORA DE LA ÚLTIMA TRANSACCIÓN

  • campo de control: 20250717054501.0

008 - ELEMENTOS DE DATO DE LONGITUD-FIJA

  • campo de control de longitud fija: 870707n| aijnnaabn a aaa

016 ## - NÚMERO DE CONTROL DE UNA AGENCIA BIBLIOGRÁFICA NACIONAL

  • Número de control del registro: BNE19940806385

024 7# - IDENTIFICADOR DE OTROS ESTÁNDARES

  • Número estándar o código: http://viaf.org/viaf/84080286/
  • Fuente: viaf

024 8# - IDENTIFICADOR DE OTROS ESTÁNDARES

  • Número estándar o código: https://data.cervantesvirtual.com/person/25943

024 7# - IDENTIFICADOR DE OTROS ESTÁNDARES

  • Número estándar o código: https://isni.org/isni/0000000109201480
  • Fuente: isni

024 7# - IDENTIFICADOR DE OTROS ESTÁNDARES

  • Número estándar o código: http://www.wikidata.org/entity/Q5791926
  • Fuente: wikidata

040 ## - FUENTE DE CATALOGACIÓN

  • Centro catalogador/agencia de origen: SpMaBN
  • Lengua de catalogación: spa
  • Centro/agencia transcriptor: SpMaBN
  • Normas de descripción: rdc
  • Convención/Normas de encabezamiento de materia/tesauro: embne

100 1# - ENCABEZAMIENTO-NOMBRE DE PERSONA

  • Nombre de persona: Fonseca, Cristóbal de

370 ## - LUGAR ASOCIADO

  • Lugar de nacimiento: España
  • Número de control del registro de autoridad o número normalizado: XX450592
  • Fuente de información: Wikidata

374 ## - OCUPACIÓN

  • Ocupación: Filósofos
  • Ocupación: Escritores
  • Fuente de información: Wikidata

375 ## - GÉNERO/SEXO

  • Género: Masculino
  • Fuente de información: Wikidata

377 ## - IDIOMA ASOCIADO

  • Término de lengua/lenguaje: Español

400 1# - TRAZADO DE VÉASE--NOMBRE DE PERSONA

  • Nombre de persona: Fonseca, Christoual de

400 1# - TRAZADO DE VÉASE--NOMBRE DE PERSONA

  • Nombre de persona: Fonseca, Cristóbal

670 ## - FUENTE DE DATOS ENCONTRADOS

  • Cita de la fuente: Discursos para todos los evangelios de la quaresma, 1614
  • Información encontrada: port. (compuesto por el P. M. F. Christoual de Fonseca)

670 ## - FUENTE DE DATOS ENCONTRADOS

  • Cita de la fuente: Tratado del amor de Dios, 1996 (facs. de la ed. de 1598)
  • Información encontrada: port. (compuesto por el padre maestro F. Christoual de Fonseca, de la orden de S. Agustín)

670 ## - FUENTE DE DATOS ENCONTRADOS

  • Cita de la fuente: Espasa
  • Información encontrada: (Fonseca, Cristóbal de; n. probablemente en Santa Olalla, Toledo-m. 1621 en Madrid; agustino)